Hainan Airlines destinations - Statistics

General Stats
  • This quiz has been taken 107 times
  • The average score is 28 of 40
Answer Stats
Country Answer % Correct
Australia Sydney
99%
Belgium Brussels
96%
Australia Melbourne
96%
Italy Rome
96%
Japan Tokyo
96%
France Paris
94%
Canada Toronto
94%
Germany Berlin
91%
Russia Moscow
91%
Czech Airlines Prague
91%
New Zealand Auckland
88%
Thailand Bangkok
88%
Australia Brisbane
88%
Israel Tel Aviv
88%
USA Los Angeles
85%
Maldives Male
81%
USA Seattle
79%
Vietnam Hanoi
78%
Serbia Belgrade
76%
UK Manchester
75%
Canada Calgary
74%
USA Chicago
74%
Cambodia Phnom Penh
74%
Kazakhstan Almaty
72%
Indonesia Denpasar
69%
USA Boston
63%
Australia Cairns
62%
Japan Sapporo
60%
Vietnam Da Nang
54%
South Korea Jeju
54%
Thailand Chiang Mai
53%
Cambodia Siem Reap
50%
USA Las Vegas
49%
USA San Jose
44%
USA New york city
43%
Russia Saint Petersburg
43%
Laos Luang Prabang
29%
Thailand Pattaya
28%
Russia Irkutsk
26%
Vietnam Nha Trang
25%
No matching quizzes found
Score Distribution
Percent of People with Each Score
Percentile by Number Answered
Your Score History
You have not taken this quiz